「カナゴモジの漢」を説明から当てる - Statistics

General Stats
  • This quiz has been taken 24 times
  • The average score is 5 of 20
Answer Stats
Answer Hint % Correct
コロンブスの卵 一見誰でも思いつきそうなことでも、それを最初に行うことは難しい
90%
ロンギヌスの槍 磔刑に処されたキリストの生死を確認するため刺されたという道具
76%
ダモクレスの剣 栄華の中にも、常に危険が迫っていること
48%
ビュフォンの針 床に引いた平行線と針を用いる数学の問題。円周率の近似値が求まる
48%
ジュグラーの波 設備投資の変動などに起因する、9~10年周期の景気循環
43%
チェーホフの銃 「物語に登場するすべての要素には必然性がいる」とする小説などにおける原則
33%
アリアドネの糸 難しい問題を解決するときの手がかりとなる策
29%
ラングトンの蟻 1986年に発明された、単純なルールでカオスと秩序を見せる2次元チューリングマシン
29%
ダーウィンの海 市場投入できたサービスや商品がぶつかる、産業化に至るまでの障壁
19%
ドベネックの桶 生物の生長に関する「リービッヒの最小律」を説明する有名な図
19%
レシュティの溝 スイスにおけるドイツ語圏とフランス語圏の考え方の相違
14%
オルレアンの噂 1960年代のフランスで広まった、ブティックの試着室で人が消えるという巷談
10%
サンダラムの篩 1934年にインドの学生が発見した素数判定アルゴリズム
10%
イシャンゴの骨 アフリカ・コンゴで発見された、刻み目の付いたヒヒの腓骨
10%
フェヒナーの色 「ベンハムのコマ」を回した際に知覚する有彩色
10%
ブアメードの血 思い込みで人は死ぬか?という都市伝説的な心理実験
10%
フィンブルの冬 長年にわたる猛吹雪など、北欧神話の終焉を予期させる前兆
10%
レイバーンの盾 男子ラグビーのテストマッチで勝つと受け渡される想像上の盾
10%
メドゥーサの頭 肝硬変が進行した患者の臍部に見られる静脈の怒張
5%
ソルマーノの壁 8.6kmかけて532mを登る、ロードレースのイル・ロンバルディアにおける急勾配
5%
No matching quizzes found
Score Distribution
Percent of People with Each Score
Percentile by Number Answered
Your Score History
You have not taken this quiz